Sports Quiz

Random Sports or World Cup Quiz

World Cup winners in the Premier League Quiz Stats

 Plays Quiz not verified by Sporcle

Score 0/32 Timer 20:00
0 Plays Today
Nationality % Correct
LiverpoolFernando Torres
79.7%
ArsenalThierry Henry
78.6%
ArsenalCesc Fabregas
66.6%
ArsenalGilberto Silva
66.1%
Manchester CityDavid Silva
62.3%
Arsenal, ChelseaEmmanuel Petit
61.4%
LiverpoolPepe Reina
61%
LiverpoolXabi Alonso
60.6%
Manchester UnitedFabien Barthez
59.9%
MiddlesboroughJuninho
59.8%
Arsenal, Manchester CityPatrick Vieira
59.1%
Manchester UnitedLaurent Blanc
53.9%
ChelseaMarcel Desailly
52.5%
ArsenalRobert Pires
48.7%
Manchester UnitedKleberson
47%
Bolton WanderersYouri Djorkaeff
44.7%
Nationality % Correct
Tottenham HotspurJurgen Klinsmann
42.5%
Manchester UnitedGerard Pique
41.2%
LiverpoolAlvaro Arbeloa
40.4%
ChelseaFrank Leboeuf
39.8%
ChelseaDidier Deschamps
39%
Birmingham CityChristophe Dugarry
38.3%
Newcastle UnitedStephane Guivarc'h
30.6%
Leeds UnitedRoque Junior
29.4%
EvertonMarco Materazzi
26.1%
MiddlesboroughChristian Karembeu
20.7%
Liverpool, FulhamKarl-Heinz Riedle
18.5%
West Ham UnitedBernard Lama
18.2%
MiddlesboroughBranco
17.3%
ChelseaJuliano Belletti
11.9%
Bolton WanderersVincent Candela
9.4%
LiverpoolBernard Diomede
9.1%

You're not logged in!

Compare scores with friends on all Sporcle quizzes.
OR
Log In

Show Comments

Extras

Top Quizzes Today


Score Distribution

Your Account Isn't Verified!

In order to create a playlist on Sporcle, you need to verify the email address you used during registration. Go to your Sporcle Settings to finish the process.

Report this User

Report this user for behavior that violates our Community Guidelines.

Details: